1900 1315 1205 1834 1564 1381 1720 1251 1803 1507 1167 1738 1803 1164 1327 1323 1079 1709 1564 1000 1866 1492 1038 1366 1491 1722 1570 1953 1510 1671 1824 1064 1633 1189 1315 1326 1572 1767 1563 1451 1006 1712 1632 1949 1782 1979 1613 1510 1816 1444 1889 1312 1589 1070 1212 1206 1695 1794 1583 1469 1361 1972 1490 1221 1180 1437 1436 1529 1828 1176 1120 1258 1300 1142 1795 1249 1058 1131 1702 1854 1017 1950 1039 1478 1077 1908 1036 1013 1217 1220 1767 1168 1690 1372 1652 1272 1517 1122 1701 BCNSPRNW ULIB Ver.6.0+V

เปลี่ยนเป็นภาษาไทย

Change to English
 แสดงรายละเอียดบรรณานุกรม
  กลับหน้าหลัก

Brief Record : Get Marc (ISO 2709) : E-mail record : QR code < ปิดหน้าต่าง
LEADER : 00000nam 2200000uu 4500
001    13399122494
003     ULIB
008    020711sมปป. th a 000 0 tha d
020    9789748487311
050  4 BF637.^bB415ร
100    Befor rain
110    ปลายดาว
245    รักกันให้ดีกว่านี้...ก่อนที่จะสายเกินไป/^cBefor rain
250    พิมพ์ครั้งที่ 1
260    กรุงเทพฯ :^bปลายดาว,^cมปป.
300    155 หน้า
945    ^p150^l0^i19953
999    ^aทศพร เกษรทอง
รายการนี้ยังไม่มีแท็ก
คุณยังไม่ได้ล็อกอิน คุณสามารถมีกิจกรรมร่วมกับเว็บไซต์ได้ แต่ต้องล็อกอินก่อน ::
  ล็อกอิน

รายการสื่อสารสนเทศ

ลำดับที่ ประเภท เลขเรียก/บาร์โค้ด สถานที่ สถานะ
1. นวนิยาย
นวนิยาย
BF637. B415ร ฉ.1 
  Barcode: 19953
ห้องสมุดวิทยาเขตสวรรค์ประชารักษ์
►นวนิยาย
บนชั้น
  ขอยืม

BibComment


ยังไม่เคยถูกคอมเมนท์

คอมเมนท์ทรัพยากรรายการนี้
  คอมเมนท์: รักกันให้ดีกว่านี..


 Copyright 2026. Bcnsprnw @Library